| 000 | 00959nac a22002777a 4500 | ||
|---|---|---|---|
| 001 | BR6100217 | ||
| 003 | BR-BrBNA | ||
| 005 | 20240105113241.0 | ||
| 008 | 230509b bl.|||m| |||| 00| 0 por d | ||
| 040 |
_aBR-BrBNA _bpor _cBiblioteca Nacional de Agricultura |
||
| 072 | _aH10; H20 | ||
| 090 | _a2760 BR6100217 | ||
| 100 | 1 | _aCosta, J.M. da | |
| 110 | 1 |
_aInstituto Agronomico do Leste, Cruz das Almas, BA (Brasil) _95624 |
|
| 245 | 1 | _aContribuicao ao estudo dos colembolos. Isotomus palustrias mueller. Collembola-isotomidae [Nicotiana tabacum; fumo; antracnose; Bahia; Brasil] | |
| 260 | 3 |
_aCruz das Almas, BA (Brasil): _c1961. |
|
| 300 | _ap. 43-59 | ||
| 490 |
_aBoletim Tecnico - Instituto Agronomico do Leste (Brazil) _vv. 6(1) _x |
||
| 500 | _aSummary (En); 11 illus.; 11 ref. | ||
| 650 | _aFUMO | ||
| 650 | _aINSETO | ||
| 650 | _aANTRACNOSE | ||
| 650 | _aBAHIA | ||
| 909 |
_a202312 _bLúcia Elande _c55 _dLúcia Elande |
||
| 942 |
_2AGRIS _n0 _cMS |
||
| 999 |
_c262694 _d262694 |
||